000 00495nam a22001697a 4500
999 _c12830
_d12830
008 250918b 2022 ||||| |||| 00| 0 eng d
020 _a9788189874551
082 _a541.3
_bCHA
100 _aChatterjee, Hrishikesh
245 _aPhysical chemistry : part - 2
260 _aKolkata
_bPlatinum Publishers
_c2022
300 _axvi, 431pgs.
650 _aAdsorption of gases on Solids
650 _aPotential Energy Diagram
650 _aAdsorption at a Solution-Gas Interface
942 _cBK